| 000 | 00567nam a2200169Ia 4500 | ||
|---|---|---|---|
| 003 | GCL | ||
| 008 | 140319s9999 xx 000 0 ara d | ||
| 040 |
_aGCL / _cGCL |
||
| 082 | 0 | 4 |
_a398.5 _bن س |
| 100 | 1 | _aنعمةالله ابراهيم | |
| 245 | 1 | 0 |
_aالسير الشعبية العربية / _cنعمةالله ابراهيم |
| 300 | _a301 ص | ||
| 490 |
_aالهيئة العامة للاستعلامات _v0 |
||
| 650 | 0 | 4 | _aالادب الشعبى - تاريخ ونقد |
| 650 | 0 | 4 | _aالادب الشعبى - العالم العربى |
| 942 |
_2ddc _cBK |
||
| 999 |
_c47923 _d47923 |
||